000 nam a22 7a 4500
999 _c8646
_d8646
008 180118b ||||| |||| 00| 0 eng d
100 _aNCERT
_95012
245 _aSocial Science and Political Life
260 _aNCERT
_bNCERT
_c2008